| 000 | 01765nam a2200205 4500 | ||
|---|---|---|---|
| 999 |
_c510085 _d510085 |
||
| 008 | 190723b ||||| |||| 00| 0 eng d | ||
| 100 |
_aJensen, Ulrich Thy _97275 |
||
| 245 | _aOnly when we agree! how value congruence moderates the impact of goal-oriented leadership on public service motivation | ||
| 260 | _c2019 | ||
| 300 | _ap.12-24. | ||
| 520 | _aQuestions of how and when managers can motivate the workforce of public organizations are fundamental for scholars and practitioners alike. A dominant assertion is that goal‐oriented leadership strategies, such as transformational leadership, foster public service motivation (PSM). However, existing studies rely on designs that are vulnerable to endogeneity and rarely investigate the scope conditions of the leadership‐PSM relationship. Combining a field experiment with 364 managers and surveys of their 3,470 employees, the authors show that transformational leadership and transactional leadership, when induced experimentally, do not have the claimed positive effect on PSM. In fact, the results indicate that goal‐oriented leadership can have demotivating effects when employee and organizational values are incongruent. Public managers should therefore carefully assess existing levels of value (in)congruence before implementing goal‐oriented leadership strategies, and—in case of value conflicts—seek to align perceptions of the desirable among members of the organization. - Reproduced. | ||
| 650 |
_aCivil service _97276 |
||
| 650 |
_aMotivation _97277 |
||
| 650 |
_aPublic service motivation _97278 |
||
| 700 |
_aAndersen, Lotte Bogh _97279 |
||
| 700 |
_aJacobsen, Christian Botcher _97280 |
||
| 773 | _aPublic Administration Review | ||
| 906 | _aLeadership | ||
| 942 |
_2ddc _cAR |
||